TAQARRUB JALAN MENCAPAI KEBAHAGIAAN HIDUP / (Record no. 187509)

MARC details
000 -LEADER
fixed length control field 00891nam a2200241 i 4500
005 - DATE AND TIME OF LATEST TRANSACTION
control field 20220220102250.0
008 - FIXED-LENGTH DATA ELEMENTS--GENERAL INFORMATION
fixed length control field 220220s1993 my e |||0 0 may d
020 ## - INTERNATIONAL STANDARD BOOK NUMBER
International Standard Book Number 9789839601336
Qualifying information paperback
040 ## - CATALOGING SOURCE
Original cataloging agency PPAK
Language of cataloging eng
Transcribing agency PPAK
Description conventions rda
082 04 - DEWEY DECIMAL CLASSIFICATION NUMBER
Edition number 23
Classification number 297.44
090 ## - LOCALLY ASSIGNED LC-TYPE CALL NUMBER (OCLC); LOCAL CALL NUMBER (RLIN)
Classification number (OCLC) (R) ; Classification number, CALL (RLIN) (NR) 297.44
Feature heading HAB
Feature heading KAO
100 0# - MAIN ENTRY--PERSONAL NAME
Personal name Al Habib Muhammad bin Abdullah Al Idrus,
Relator term author.
245 10 - TITLE STATEMENT
Title TAQARRUB JALAN MENCAPAI KEBAHAGIAAN HIDUP /
Statement of responsibility, etc. Oleh : AL HABIB MUHAMMAD BIN ABDULLAH AL IDRUS ; Diterjemahkan Oleh : H. ABD. HADI BASULTHANAH MA
264 #1 - PRODUCTION, PUBLICATION, DISTRIBUTION, MANUFACTURE, AND COPYRIGHT NOTICE
Place of production, publication, distribution, manufacture Kuala Lumpur :
Name of producer, publisher, distributor, manufacturer Dinie Publishers ;
Date of production, publication, distribution, manufacture, or copyright notice 21 cm.
300 ## - PHYSICAL DESCRIPTION
Extent i, 226 pages ;
Dimensions 21 cm.
336 ## - CONTENT TYPE
Source rdacontent
Content type term text
337 ## - MEDIA TYPE
Source rdamedia
Media type term unmediated
338 ## - CARRIER TYPE
Source rdacarrier
Carrier type term volume
500 ## - GENERAL NOTE
General note Contains verses from the Qur'an and quotes from the hadith.
650 10 - SUBJECT ADDED ENTRY--TOPICAL TERM
Topical term or geographic name entry element Worship (Islam)
700 0# - ADDED ENTRY--PERSONAL NAME
Personal name H. Abd. Hadi Basulthanah,
Relator term translator.
942 ## - ADDED ENTRY ELEMENTS (KOHA)
Source of classification or shelving scheme Dewey Decimal Classification
Koha item type Book
Holdings
Withdrawn Not for loan Current library Shelving location Date acquired Total Checkouts Full call number Barcode Date last seen Koha item type
  Not For Loan Perpustakaan Jitra Koleksi Asmah Haji Omar 14/04/2022   KAO 297.44 HAB KAO000784 14/04/2022 Book